000 01318nam a22003497a 4500
003 CHAP
005 20220817041135.0
008 971013s1988 r 00010 d
010 _a7286
011 _a8258
035 _a7483
040 _cCHAP
082 _a333
_bP7Y
100 0 0 _aPrem, Hanns J.
_991378
245 _aMilpa y hacienda
_b: tenencia de la tierra indígena y española en la cuenca del Alto Atoyac, Puebla, México 1520-1650
260 _aMéxico, D.F. :
_bCIESAS,
_c1988
300 _a306 p.
_b: ilus.
500 _a63-2
590 _aBATCH-UPD
_b10
_c20130110
_lUCH01
_h1702
590 _aBATCH-UPD
_b10
_c20130410
_lUCH01
_h1050
590 _aBATCH-UPD
_b10
_c20130914
_lUCH01
_h0909
590 _aCONVERSION
_b10
_c20130109
_lUCH01
_h1305
650 1 4 _aReforma agraria
_xHistoria.
_995552
650 1 4 _aTierras
_xTenencia
_xHistoria.
_9113171
650 1 4 _aTierras
_xTenencia
_xPuebla.
_9113193
710 0 _aCentro de Investigaciones y Estudios Superiores en Antropología Social. México.
901 _aBK
942 _cLIBRO
949 _a333 P7Y
_bBC
_cLIBRO
_d33724000315859
_eLIBRO
_gI. c/e
_h83739
_i7483
_si
_t91.00
949 _a333 P7Y
_bBC
_cLIBRO
_d33724000315867
_eLIBRO
_fc.3
_gI. c/e
_h83741
_i7483
_si
_t91.00
949 _a333 P7Y
_bBC
_cLIBRO
_d33724000315875
_eLIBRO
_fc.2
_gI. c/e
_h83739
_i7483
_si
_t91.00
999 _c7286
_d7286